000 00325nam a22001457a 4500
008 230124b ||||| |||| 00| 0 eng d
020 _a9780997005370
041 _aeng
080 _2COMPLETE EDITION
_a159.9
082 _a159.9COR
100 _a25
101 _aPSY
245 _aPSYCHOLOGY
_cCORAYER M
942 _2udc
_cBK
999 _c59264
_d59264